Artists by one of their most popular songs - Statistics

General Stats
  • This quiz has been taken 56 times
  • The average score is 95 of 355
Answer Stats
Hint Answer % Correct
Thriller Michael Jackson
91%
In da club 50 cent
81%
Rocket man Elton John
81%
Bohemian rhapsody Queen
81%
Like a virgin Madonna
79%
Take on me A-ha
77%
Hound dog Elvis Presley
77%
I wanna dance with somebody Whitney Houston
77%
24k Magic Bruno Mars
74%
Careless whisper George Michael
74%
Chattahoochee Alan Jackson
72%
Oops, I did it again Britney Spears
72%
All for you Janet Jackson
72%
Flowers Miley Cyrus
72%
Diamonds Rihanna
72%
Yellow Coldplay
70%
Lose yourself Eminem
70%
Watermelon sugar Harry Styles
68%
Poker face Lady Gaga
68%
Espresso Sabrina Carpenter
68%
Bad blood Taylor Swift
66%
7 rings Ariana Grande
64%
Crazy in love Beyonce
64%
Born in the USA Bruce Springsteen
64%
My heart will go on Celine Dion
64%
God's plan Drake
64%
Smells like teen spirit Nirvana
64%
Whenever, Wherever Shakira
64%
Every breath you take The police
64%
Africa Toto
64%
Piano man Billy Joel
62%
Dark horse Katy Perry
62%
Cheap thrills Sia
62%
I want it that way The Backstreet boys
62%
Let it be The Beatles
62%
Achy breaky heart Billy Ray Cyrus
60%
Happy Pharrell Williams
60%
You give love a bad name Bon Jovi
57%
Levitating Dua Lipa
57%
All about that bass Meghan Trainor
57%
Hey ya! Outkast
57%
Drop it like it's hot Snoop Dogg
57%
Save your tears The weeknd
57%
Save your tears The Weeknd
57%
Hell's bells AC/DC
55%
Stayin' alive Bee Gees
55%
Empire state of mind Jay Z
55%
What do you mean? Justin Bieber
55%
Not like us Kendrick Lamar
55%
Purple rain Prince
55%
Castle on the hill Ed Sheeran
53%
The final countdown Europe
53%
Gold digger Kanye West
53%
Never gonna give you up Rick Astley
53%
Zombie The Cranberries
53%
Last Christmas Wham!
53%
Sk8er boi Avril Lavigne
51%
Birds of a feather Billie Eilish
51%
Summer of 69 Bryan Adams
51%
Call me maybe Carly Rae Jepsen
51%
Starman David Bowie
51%
Hollaback girl Gwen Stefani
51%
ABC Jackson 5
51%
Super bass Nicki Minaj
51%
Fly me to the moon Frank Sinatra
49%
Imagine John Lennon
49%
Good 4 u Olivia Rodrigo
49%
Havana Camilla Cabello
47%
9 to 5 Dolly Parton
47%
Somebody that I used to know Gotye
47%
November rain Guns n' roses
47%
In the end Linkin Park
47%
Livin' la vida loca Ricky Martin
47%
California dreamin' The Mamas & The Papas
47%
Y.M.C.A Village people
47%
War pigs Black sabbath
45%
Thunder Imagine Dragons
45%
All of me John Legend
45%
Bye bye bye NSYNC*
45%
Mr Brightside The killers
45%
Gangsta's paradise Coolio
43%
Basket case Green Day
43%
Carolina in my mind James Taylor
43%
Summertime sadness Lana Del Rey
43%
Down under Men at work
43%
Losing my religion R.E.M
43%
Eye of the tiger Survivor
43%
Kokomo The Beach boys
43%
Drops of Jupiter Train
43%
Stressed out Twenty-one pilots
43%
Boom boom pow Black eyed peas
40%
Still dre Dr Dre
40%
September Earth, Wind and Fire
40%
Price tag Jessie J
40%
Don't look back in anger Oasis
40%
Paint it black The rolling stones
40%
No one Alicia Keys
38%
Titanium David Guetta
38%
Since u been gone Kelly Clarkson
38%
Party rock anthem LMFAO
38%
Sweet Caroline Neil Diamond
38%
Circles Post Malone
38%
Should I stay or should I go The clash
38%
Someone like you Adele
36%
This is america Childish Gambino
36%
Say so Doja cat
36%
Dreams Fleetwood Mac
36%
I will survive Gloria Gaynor
36%
Rock your body Justin Timberlake
36%
Rock and roll all nite Kiss
36%
One more night Maroon 5
36%
Don't speak No Doubt
36%
Superstition Stevie Wonder
36%
Baba O'Reilly The who
36%
What's love got to do with it? Tina Turner
36%
It's the most wonderful time of the year Andy Williams
34%
More than a feeling Boston
34%
Take it easy Eagles
34%
Ring of fire Johnny Cash
34%
Lucid dreams Juice wrld
34%
Let's get it on Marvin Gaye
34%
Time of our lives Pitbull
34%
Hey there Delilah Plain white T's
34%
Jump Van Halen
34%
Sultans of swing Dire straits
32%
Mr Blue Sky Electric light orchestra
32%
Despacito Luis Fonsi
32%
Country girl (shake it for me) Luke Bryan
32%
How you remind me Nickelback
32%
Treat you better Shawn Mendes
32%
You really got me The kinks
32%
Waterfalls TLC
32%
Dance monkey Tones & I
32%
Sweetest thing U2
32%
Brown eyed girl Van Morrison
32%
Amish paradise Weird Al Yankovic
32%
Sweet emotion Aerosmith
30%
Tubthumping Chumbawamba
30%
Pour some sugar on me Def Leppard
30%
Take me out Franz Ferdinand
30%
Hip to be square Huey Lewis and the news
30%
Take me home country roads John Denver
30%
Night changes One Direction
30%
Shine on you crazy diamond Pink Floyd
30%
Too good at goodbyes Sam Smith
30%
Smooth Santana
30%
Man! I feel like a woman. Shania Twain
30%
The sound of silence Simon and Garfunkel
30%
Chop suey! System of a down
30%
Free fallin' Tom Petty
30%
Sicko mode Travis Scott
30%
Bring me to life Evanescence
28%
Industry baby Lil Nas X
28%
Fantasy Mariah Carrey
28%
Kill bill SZA
28%
Closer The Chainsmokers
28%
Buddy Holly Weezer
28%
All eyez on me 2pac
26%
Ordinary Alex Warren
26%
Redemption song Bob Marley
26%
Butter BTS
26%
Have you ever seen the rain? Creedence Clearwater Revival
26%
Sandstorm Darude
26%
Without me Halsey
26%
Before you go Lewis Capaldi
26%
Teenage dirtbag Wheatus
26%
Faded Alan Walker
23%
Before he cheats Carrie Underwood
23%
Wonderful tonight Eric Clapton
23%
Say you won't let go James Arthur
23%
Sitting on a dock at the bay Otis Redding
23%
I write sins not tragedies Panic! at the disco
23%
Alive Pearl Jam
23%
Back to you Selena Gomez
23%
Greedy Tate McRae
23%
Intergalactic Beastie boys
21%
Hot to go! Chapell Roan
21%
One call away Charlie Puth
21%
I love rock n' roll Joan Jett and the blackhearts
21%
The gambler Kenny Rogers
21%
Fake plastic trees Radiohead
21%
It's tricky Run DMC
21%
Informer Snow
21%
DJ's got us falling in love Usher
21%
The sign Ace of base
19%
Chain of fools Aretha Franklin
19%
Levels Avicii
19%
Beautiful things Benson Boone
19%
Oxford town Bob Dylan
19%
Peggy Sue Buddy Holly
19%
Candyman Christina Aguilera
19%
Sunshine of your love Cream
19%
One more time Daft Punk
19%
Bad day Daniel Powter
19%
Cool for the summer Demi Lovato
19%
Just can't get enough Depeche mode
19%
Supermassive black hole Muse
19%
Unwritten Natasha Bedingfield
19%
People are strange. The doors
19%
Fairytale of New York The Pogues
19%
Mood 24k Goldn
17%
Titi mi pregunto Bad bunny
17%
One kiss Calvin Harris
17%
Sugar we're going down Fall out boy
17%
It was a good day Ice cube
17%
Breaking the law Judas Priest
17%
Stairway to heaven Led Zeppelin
17%
Shout at the devil Motley Crue
17%
If I ruled the world Nas
17%
Ghostbusters Ray Parker Jr
17%
The less I know the better Tame Impala
17%
The kids aren't alright The offspring
17%
Kryptonite 3 doors down
15%
Scars to your beautiful Alessia Cara
15%
Pink venom Blackpink
15%
Higher Creed
15%
Hallowed be thy name Iron maiden
15%
I'm yours Jason Mraz
15%
Sucker Jonas Brothers
15%
Golden hour JVKE
15%
Last night Morgan Wallen
15%
Blue Monday New Order
15%
Hypnotize Notorious B.I.G
15%
I ain't worried OneRepublic
15%
Let her go Passenger
15%
Feel it still Portugal. The man
15%
Disco 2000 Pulp
15%
Tears of a clown Smokey Robinson
15%
Lose control Teddy Swims
15%
Hall of fame The script
15%
Shut up and dance Walk the moon
15%
Against the wind Bob Seger
13%
Have a holly jolly Christmas Burl Ives
13%
Praise you Fatboy Slim
13%
Lovin on me Jack Harlow
13%
One rainy wish Jimi Hendrix
13%
Are you gonna go my way? Lenny Kravitz
13%
Last resort Papa roach
13%
Misery business Paramore
13%
A bar song Shaboozey
13%
Kiss me through the phone Soulja boy
13%
The weight The Band
13%
New magic wand Tyler, the creator
13%
If I had a million dollars Barenaked ladies
11%
Hard to say I'm sorry Chicago
11%
Crash into me Dave Matthews band
11%
My own worst enemy Lit
11%
It must be love Madness
11%
The Christmas song Nat King Cole
11%
Walk Pantera
11%
Psychosocial Slipknot
11%
Sheena is a punk rocker The Ramones.
11%
Sail Awolnation
9%
Can you feel my heart Bring me the horizon
9%
Ridin' Chamillionaire
9%
All or nothing Cher
9%
Down with the sickness Disturbed
9%
Bodies Drowning pool
9%
Banana pancakes Jack Johnson
9%
Return of the mack Mark Morrison
9%
Symphony of destruction Megadeth
9%
Country grammar Nelly
9%
Miss independent Ne-yo
9%
Sunroof Nicky Youre
9%
No one knows Queens of the stone age
9%
Teenage kicks The Undertones
9%
Ocean man Ween
9%
C.R.E.A.M Wu-tang clan
9%
What does the fox say Ylvis
9%
Dear Maria, count me in All time low
6%
You've got a friend Carole King
6%
Turn down for what DJ Snake
6%
You raise me up Josh Groban
6%
Moonlight Kali Uchis
6%
I like me better Lauv
6%
Lightning crashes Live
6%
This is how we do it Montell Jordan
6%
The search NF
6%
Terrible lie Nine inch nails
6%
Dragostea din tei O-zone
6%
Bangarang Skrillex
6%
Megalovania Toby Fox
6%
Afterlife Avenged sevenfold
4%
Around & around Chuck Berry
4%
Move on up Curtis Mayfield
4%
Ghosts n' stuff Deadmau5
4%
Through the fire and flames Dragonforce
4%
Green green grass George Ezra
4%
Hurricane Luke Combs
4%
I know a little Lynyrd Skynyrd
4%
Purge the poison Marina
4%
Crab rave Noisestorm
4%
It's raining tacos Parry Gripp
4%
Let you love me Rita Ora
4%
Rhythm of my heart Rod Stewart
4%
Circus for a psycho Skillet
4%
Hunger strike Temple of the dog
4%
Pictures of you The cure
4%
We live forever The prodigy
4%
What you know 2 door Cinema club
2%
Kings and queens 30 seconds to mars
2%
Honey I'm good Andy Grammer
2%
Monster mash Bobby Pickett & the Crypt kickers
2%
Water runs dry Boyz II men
2%
Tennessee whiskey Chris Stapleton
2%
Unanswered prayers Garth Brooks
2%
Heroes tonight Janji
2%
Busy Earnin' Jungle
2%
Move your feet Junior senior
2%
Flamingo Kero kero bonito
2%
American rock n' roll Kid rock
2%
Animals Martin Garrix
2%
Fight back Neffex
2%
Crazy train Ozzy Ozbourne
2%
This could be us Rae Sremmurd
2%
Me and my broken heart Rixton
2%
Broken Seether
2%
The Wolf Siames
2%
Xenogenesis TheFatRat
2%
Freaks Timmy Trumpet
2%
Christmas canon Trans Siberian orchestra
2%
Heavy shadows Aphyxion
0%
On my own Ashes remain
0%
Bleeding mascara Atreyu
0%
Megitsune Babymetal
0%
Red flag Billy Talent
0%
Silver bells Bing Cosby
0%
Toxic BoyWithUke
0%
Light it up Camellia
0%
2 billion Chaosbay
0%
Twinnem Coi Leray
0%
Empire Delta heavy
0%
Thrash metal cassete Dinosaur pile-up
0%
My name From ashes to new
0%
Safari song Greta Van Fleet
0%
Hip to be scared Ice nine kills
0%
Boat drinks Jimmy Buffett
0%
What's golden Jurassic 5
0%
Bonfire Knife Party
0%
Thunderclouds LSD
0%
Gunpowder & lead Miranda Lambert
0%
Eternally yours Motionless in white
0%
My friends over you New Found Glory
0%
Red room Offset
0%
Ride it Regard
0%
Thrones of blood Sullivan King
0%
The seed The roots
0%
I wish it would rain The Temptations
0%
Indian Outlaw Tim McGraw
0%
I just need u. Toby Mac
0%
Rock it Tokyo Machine
0%
Energy drink Virtual riot
0%
Gasoline Whiskey Myers
0%
No matching quizzes found
Score Distribution
Percent of People with Each Score
Percentile by Number Answered
Your Score History
You have not taken this quiz